000 00691nam a2200181Ia 4500
008 100920s9999 xx 000 0 und d
082 _b3124
_a28 व 910 थ 87
100 _aदाण्डेकर गोपाल नीलकंठ.
245 _aशिवबाचे शिलेदार.
260 _bइंद्रायणी साहित्य प्रकाशन पुणे 30.
_c1987
300 _a118
_bसाधी
365 _b10
520 _aबा.वि.भू.प्र.
630 _aशिवबाचे शिलेदार.
650 _aबा.वि.भू.प्र.
730 _aशिवबाचे शिलेदार.
942 _cBOOK
999 _c673267
_d673264